[Event "Moscow Open Young GM"]
[Site "Moscow RUS"]
[Date "2011.01.27"]
[Round "1"]
[White "Krylov, Mikhail"]
[Black "Kuzubov, Yuriy"]
[Result "1/2-1/2"]
[WhiteTitle "IM"]
[BlackTitle "GM"]
[WhiteElo "2499"]
[BlackElo "2624"]
[WhiteFideId "4151364"]
[BlackFideId "14112906"]
[EventDate "2011.01.27"]

1. d4 g6 2. e4 Bg7 3. Nf3 d6 4. Bc4 Nf6 5. Qe2 c6 6. e5 Nd5 7. h3 O-O 8. O-O a5
9. a4 Na6 10. Nc3 Nb6 11. Ba2 Nc7 12. exd6 exd6 13. Bg5 Qd7 14. Ne4 Re8 15. Qd3
Nbd5 16. c3 Ne6 17. Rfe1 Nxg5 18. Nfxg5 h6 19. Nf3 Qd8 20. Nfd2 Bf5 21. Qf3 Re6
22. Re2 Qb6 23. Nc4 Qc7 24. Rae1 Rd8 25. Ncd2 Rde8 26. g4 Bxe4 27. Nxe4 Qd7 28.
Kg2 g5 29. Bxd5 cxd5 30. Ng3 Qxa4 31. Nf5 Qc6 32. Re3 b5 33. Qg3 Bf8 34. h4 gxh4
35. Qxh4 b4 36. cxb4 Rxe3 37. Rxe3 Rxe3 38. Nxe3 axb4 39. Qd8 Qc1 40. b3 Qb1 41.
Nf5 Qe4+ 42. Kg3 Qh1 43. Qe8 Qg1+ 44. Kf3 Qd1+ 45. Kf4 Qc1+ 46. Qe3 Qg1 47. Qf3
Bg7 48. Ke3 Qe1+ 49. Qe2 Qc1+ 50. Kf3 Qh1+ 51. Kf4 Qh2+ 52. Ke3 Qh1 53. Kd2 Qg2
54. Ng3 Qg1 55. Qe8+ Bf8 56. Ke2 Qc1 57. Qe3 Qc2+ 58. Kf3 Qd1+ 59. Kf4 h5 60. f3
hxg4 61. Kxg4 Qc2 62. Qg5+ Bg7 63. Qxd5 Qg6+ 64. Kh3 Qh7+ 65. Nh5 Qd3 66. Nxg7
Kxg7 67. Kg4 Qc2 68. Qg5+ Kf8 1/2-1/2

[Event "Moscow Open Young GM"]
[Site "Moscow RUS"]
[Date "2011.01.27"]
[Round "1"]
[White "Zhigalko, Sergei"]
[Black "Alekseev, Evgeny"]
[Result "1/2-1/2"]
[WhiteTitle "GM"]
[BlackTitle "GM"]
[WhiteElo "2671"]
[BlackElo "2701"]
[WhiteFideId "13502956"]
[BlackFideId "4138147"]
[EventDate "2011.01.27"]

1. d4 Nf6 2. c4 e6 3. Nc3 Bb4 4. e3 O-O 5. Bd3 d5 6. Ne2 c5 7. cxd5 cxd4 8. exd4
Nxd5 9. O-O Nc6 10. Nxd5 exd5 11. Nf4 Be6 12. Nxe6 fxe6 13. Qh5 g6 14. Qg4 Qf6
15. Be3 Kh8 16. Rad1 Ba5 17. Bb1 Bb6 18. Bg5 Qf7 19. Bh6 Rfe8 20. Rd3 e5 21. Rf3
Qc7 22. Qg5 e4 23. Rf5 gxf5 24. Qf6+ Kg8 25. Qg5+ Kh8 26. Qf6+ Kg8 27. Qg5+ 1/2-1/2

[Event "Moscow Open Young GM"]
[Site "Moscow RUS"]
[Date "2011.01.27"]
[Round "1"]
[White "Rakhmanov, Aleksandr"]
[Black "Cheparinov, Ivan"]
[Result "1-0"]
[WhiteTitle "GM"]
[BlackTitle "GM"]
[WhiteElo "2590"]
[BlackElo "2665"]
[WhiteFideId "4173708"]
[BlackFideId "2905540"]
[EventDate "2011.01.27"]

1. d4 d5 2. c4 e6 3. Nc3 c6 4. e3 Nf6 5. Bd2 Nbd7 6. Rc1 Bd6 7. c5 Bc7 8. f4 b6
9. b4 a5 10. b5 bxc5 11. bxc6 Nb8 12. Bb5 c4 13. Nf3 O-O 14. O-O Ne8 15. Qe2 Nd6
16. a4 Ba6 17. e4 dxe4 18. Ng5 Nf5 19. Ncxe4 Qd5 20. Rxc4 Bxb5 21. axb5 Qxb5 22.
Nc3 Qa6 23. d5 Nd6 24. Qd3 g6 25. Qh3 h5 26. Ra4 Bb6+ 27. Be3 Nf5 28. Bf2 Bxf2+
29. Rxf2 Nh6 30. f5 exf5 31. Qg3 Nxc6 32. dxc6 Qxc6 33. h3 Rfc8 34. Ra3 Qc5 35.
Ne2 Qe7 36. Re3 Qc7 37. Nf4 a4 38. Kh2 Re8 39. Rc3 Qa7 40. Nd5 Qd4 41. Nxf7 1-0

[Event "Moscow Open Young GM"]
[Site "Moscow RUS"]
[Date "2011.01.27"]
[Round "1"]
[White "Grachev, Boris"]
[Black "Sjugirov, Sanan"]
[Result "1/2-1/2"]
[WhiteTitle "GM"]
[BlackTitle "GM"]
[WhiteElo "2660"]
[BlackElo "2626"]
[WhiteFideId "4129199"]
[BlackFideId "4189302"]
[EventDate "2011.01.27"]

1. d4 Nf6 2. c4 e6 3. Nc3 Bb4 4. e3 O-O 5. Ne2 d5 6. a3 Be7 7. Nf4 c6 8. Bd3 Bd6
9. O-O dxc4 10. Bxc4 Bxf4 11. exf4 Nbd7 12. Bb3 Nb6 13. Bc2 Nbd5 14. Qf3 b6 15.
Re1 g6 16. Bd2 Bb7 17. Rac1 Qd7 18. Ne4 Nxe4 19. Bxe4 Rac8 20. Bxd5 Qxd5 21.
Qxd5 cxd5 22. Bb4 Rxc1 23. Rxc1 Rc8 24. Rxc8+ Bxc8 25. Bd6 f5 26. Bb8 a6 27. Bc7
b5 28. f3 h5 29. Kf2 Kf7 1/2-1/2

[Event "Moscow Open Young GM"]
[Site "Moscow RUS"]
[Date "2011.01.27"]
[Round "1"]
[White "Inarkiev, Ernesto"]
[Black "Hess, Robert L"]
[Result "1/2-1/2"]
[WhiteTitle "GM"]
[BlackTitle "GM"]
[WhiteElo "2672"]
[BlackElo "2572"]
[WhiteFideId "4162722"]
[BlackFideId "2022036"]
[EventDate "2011.01.27"]

1. e4 e5 2. Nf3 Nc6 3. Bb5 Nf6 4. O-O Nxe4 5. d4 Be7 6. Qe2 Nd6 7. Bxc6 bxc6 8.
dxe5 Nb7 9. Nc3 O-O 10. Re1 Nc5 11. Be3 Ne6 12. Rad1 Rb8 13. b3 Bb4 14. Bd2 d5
15. Na4 Be7 16. Be3 c5 17. c4 d4 18. Nb2 Rb6 19. Bc1 Bb7 20. Na4 Ra6 21. Nc3
dxc3 22. Rxd8 Rxd8 23. Qc2 Bxf3 24. gxf3 Nd4 25. Qxc3 Rxa2 26. Kg2 Rb8 27. Qd3
Rxb3 28. Qe4 Bf8 29. f4 g6 30. Be3 Rbb2 31. Rb1 Rb6 32. Rd1 Be7 33. Rd2 Rxd2 34.
Bxd2 Kg7 35. Qa8 Rb2 36. Be3 Nf5 37. Kf3 Rb4 38. Qd5 Rb3 39. Ke4 Rc3 40. Kf3 c6
41. Qe4 Nd4+ 42. Kg2 Rxc4 43. f5 gxf5 44. Qd3 Rb4 45. Bxd4 Rxd4 46. Qxf5 c4 47.
f4 h6 48. Qg4+ Bg5 49. e6 Rxf4 50. Qe2 fxe6 51. Qxe6 Rd4 52. Qxc6 Bf6 53. Qc7+
Kg6 54. Qg3+ Kf7 55. Qc7+ Ke6 56. Qc8+ Kf7 57. Qc7+ Kg6 58. Qg3+ Kh7 59. Qf2 Bg7
60. Qf5+ Kg8 61. Qe6+ Kf8 62. Qf5+ Ke7 63. Qc5+ Kf7 64. Qxa7+ Kg6 65. Qa5 c3 66.
Qxc3 1/2-1/2

[Event "Moscow Open Young GM"]
[Site "Moscow RUS"]
[Date "2011.01.27"]
[Round "1"]
[White "Safarli, Eltaj"]
[Black "Chadaev, Nikolai"]
[Result "1/2-1/2"]
[WhiteTitle "GM"]
[BlackTitle "GM"]
[WhiteElo "2629"]
[BlackElo "2568"]
[WhiteFideId "13402129"]
[BlackFideId "4167392"]
[EventDate "2011.01.27"]

1. e4 e5 2. Nf3 Nf6 3. d4 Nxe4 4. Bd3 d5 5. dxe5 Be7 6. O-O Nc5 7. Be2 O-O 8.
Be3 c6 9. c4 dxc4 10. Bxc5 Bxc5 11. Bxc4 Qe7 12. Qc2 Bb6 13. Re1 Be6 14. Nbd2
Nd7 15. Rad1 Rad8 16. a3 h6 17. h3 Bc7 18. b4 Nb6 19. Bf1 Rd5 20. Nb3 Rxd1 21.
Rxd1 Nd7 22. Nbd4 Nxe5 23. Nxe5 Bxe5 24. Nxe6 Qxe6 25. Bc4 Qe7 26. Qf5 Bd6 27.
g3 Rd8 1/2-1/2

[Event "Moscow Open Young GM"]
[Site "Moscow RUS"]
[Date "2011.01.28"]
[Round "2"]
[White "Hess, Robert L"]
[Black "Safarli, Eltaj"]
[Result "0-1"]
[WhiteTitle "GM"]
[BlackTitle "GM"]
[WhiteElo "2572"]
[BlackElo "2629"]
[WhiteFideId "2022036"]
[BlackFideId "13402129"]
[EventDate "2011.01.27"]

1. e4 c5 2. Nc3 a6 3. Nge2 d6 4. g3 Nf6 5. Bg2 g6 6. d4 cxd4 7. Nxd4 Bg7 8. O-O
O-O 9. Re1 Bg4 10. Nde2 Nc6 11. h3 Bxe2 12. Rxe2 Rc8 13. a4 Qb6 14. Ra2 Qd4 15.
Qe1 Qc4 16. a5 Nd7 17. Ra3 e6 18. Qd1 Qd4 19. Rd2 Qa7 20. Rxd6 Nde5 21. Ra4 Nxa5
22. Rxa5 Nc4 23. Ra1 Nxd6 24. Qxd6 Rfd8 25. Qf4 Qc5 26. Qf3 Bxc3 27. bxc3 Qxc3
28. Qxc3 Rd1+ 29. Bf1 Rxc3 30. Ra3 Rxa3 31. Bxa3 Ra1 32. Bd6 Rc1 33. c4 a5 34.
Kg2 a4 35. Be2 Rc2 36. Kf1 Rc3 37. Ke1 a3 38. Kd2 a2 39. Kxc3 a1=Q+ 40. Kd3 Qa7
41. c5 Qa3+ 42. Kd4 Qb4+ 0-1

[Event "Moscow Open Young GM"]
[Site "Moscow RUS"]
[Date "2011.01.28"]
[Round "2"]
[White "Sjugirov, Sanan"]
[Black "Inarkiev, Ernesto"]
[Result "1/2-1/2"]
[WhiteTitle "GM"]
[BlackTitle "GM"]
[WhiteElo "2626"]
[BlackElo "2672"]
[WhiteFideId "4189302"]
[BlackFideId "4162722"]
[EventDate "2011.01.27"]

1. e4 e5 2. Nf3 Nc6 3. Bb5 a6 4. Ba4 Nf6 5. O-O Be7 6. d3 b5 7. Bb3 d6 8. a4 Bd7
9. c3 O-O 10. Nbd2 Na5 11. Bc2 c5 12. Re1 Re8 13. Nf1 Bf8 14. Bg5 h6 15. Bh4 Be7
16. Ne3 Nc6 17. Bxf6 Bxf6 18. Nd5 Rc8 19. axb5 axb5 20. Ra6 Be7 21. Bb3 Nb8 22.
Ra7 Nc6 23. Rxd7 Qxd7 24. Nb6 Qa7 25. Nxc8 Rxc8 26. Bd5 Nd8 27. Nd2 Qd7 28. Qb3
Ne6 29. g3 Bd8 30. Ra1 Bb6 31. Bxe6 fxe6 32. c4 b4 33. Ra6 Rb8 34. Kg2 Kf7 35.
Qd1 Ke7 36. Qa1 Rb7 37. h4 Ra7 38. Kh3 Rxa6 39. Qxa6 Bd8 40. Nf1 Kf7 41. Ne3 Qe7
42. b3 g5 43. h5 Kg8 44. Qc8 Kg7 45. Ng4 Qe8 46. Kg2 Qe7 47. Kf1 Kh7 48. Ke2 Kg7
49. Ke3 Qe8 50. Qb7+ Be7 51. Qc7 Qf7 52. Qd7 Kh7 53. Ke2 Kg7 54. Kf1 Bf8 55. Qc8
Kh7 56. Kg2 Kg7 57. Ne3 Kh7 58. f3 Bg7 59. Nd1 Qe7 60. Kh3 Bf6 61. Kg4 Kg7 62.
Nb2 Kf7 63. Na4 Qd8 64. Qb7+ Be7 65. Nb6 Kf6 66. Nd7+ Kf7 67. Nb8 Ke8 68. Kh3
Bf8 69. Nc6 Qd7 70. Qa8+ Kf7 71. Kg4 Be7 72. Na7 Bf8 73. Nb5 Kg7 74. Qb8 Kf7 75.
Na7 Kg7 76. Nc8 Kf7 77. Nb6 Qc6 78. Qd8 Be7 79. Qb8 Bf8 80. Kh3 Be7 81. Na8 Qd7
82. Nc7 Bf8 83. Kg4 Kg7 84. Qd8 Qxd8 85. Nxe6+ Kf6 86. Nxd8 Bg7 87. Nc6 Ke6 88.
Na7 Bf6 89. Nb5 Bd8 90. f4 gxf4 91. gxf4 exf4 92. d4 Bf6 93. Nc7+ Kd7 94. Nd5
Bxd4 95. Nxf4 Be5 96. Nd5 Ke6 97. Nc7+ Kf6 98. Nd5+ Ke6 99. Nc7+ Kf6 100. Nd5+ 1/2-1/2

[Event "Moscow Open Young GM"]
[Site "Moscow RUS"]
[Date "2011.01.28"]
[Round "2"]
[White "Alekseev, Evgeny"]
[Black "Rakhmanov, Aleksandr"]
[Result "1/2-1/2"]
[WhiteTitle "GM"]
[BlackTitle "GM"]
[WhiteElo "2701"]
[BlackElo "2590"]
[WhiteFideId "4138147"]
[BlackFideId "4173708"]
[EventDate "2011.01.27"]

1. e4 e6 2. d4 d5 3. Nc3 Nf6 4. e5 Nfd7 5. f4 c5 6. Nf3 Nc6 7. Be3 a6 8. Qd2 b5
9. a3 Bb7 10. Be2 cxd4 11. Nxd4 Nxd4 12. Bxd4 Bc5 13. O-O Qb6 14. Rad1 Bxd4+ 15.
Qxd4 Rc8 16. Rf2 O-O 17. Bf1 Rc7 18. Na2 Qxd4 19. Rxd4 Nc5 20. Nc3 h6 21. g3
Rfc8 22. Rfd2 Kf8 23. Kf2 Ke7 24. Ke3 Rb8 25. Be2 Nd7 26. a4 bxa4 27. Rxa4 Bc6
28. Ra2 Bb5 29. Rd4 Bxe2 30. Kxe2 Nc5 31. Kd2 g5 32. b4 Nd7 33. Nd1 gxf4 34.
gxf4 f6 35. exf6+ Nxf6 1/2-1/2

[Event "Moscow Open Young GM"]
[Site "Moscow RUS"]
[Date "2011.01.29"]
[Round "3"]
[White "Rakhmanov, Aleksandr"]
[Black "Krylov, Mikhail"]
[Result "1/2-1/2"]
[WhiteTitle "GM"]
[BlackTitle "IM"]
[WhiteElo "2590"]
[BlackElo "2499"]
[WhiteFideId "4173708"]
[BlackFideId "4151364"]
[EventDate "2011.01.27"]

1. d4 Nf6 2. Nf3 g6 3. Nbd2 c5 4. dxc5 Qa5 5. a3 Qxc5 6. b4 Qc7 7. Bb2 Bg7 8. e3
O-O 9. Be2 b6 10. O-O Bb7 11. c4 d6 12. Rc1 Nbd7 13. Nd4 a6 14. Re1 Rac8 15. Bf1
Qb8 16. Rc2 d5 17. cxd5 Nxd5 18. e4 Rxc2 19. Qxc2 Rc8 20. Qb3 Nc7 21. N2f3 e6
22. Nd2 Ne8 23. N4f3 Ne5 24. Nxe5 Bxe5 25. Bxe5 Qxe5 26. Nc4 Qc7 27. Qe3 b5 28.
Na5 Nf6 29. f3 Bxe4 30. Qd4 e5 31. Qe3 Bd5 32. Qxe5 Qxe5 33. Rxe5 Rc3 34. Re7
Rxa3 35. Ra7 Ra4 36. Rxa6 1/2-1/2

[Event "Moscow Open Young GM"]
[Site "Moscow RUS"]
[Date "2011.01.29"]
[Round "3"]
[White "Zhigalko, Sergei"]
[Black "Kuzubov, Yuriy"]
[Result "1-0"]
[WhiteTitle "GM"]
[BlackTitle "GM"]
[WhiteElo "2671"]
[BlackElo "2624"]
[WhiteFideId "13502956"]
[BlackFideId "14112906"]
[EventDate "2011.01.27"]

1. e4 e6 2. d4 d5 3. Nc3 Bb4 4. e5 b6 5. a3 Bxc3+ 6. bxc3 Ne7 7. Qg4 Ng6 8. h4
h5 9. Qd1 Ba6 10. Bxa6 Nxa6 11. Bg5 Ne7 12. Nh3 Qd7 13. Nf4 g6 14. Bxe7 Qxe7 15.
Qd3 Nb8 16. c4 dxc4 17. Qxc4 O-O 18. c3 c5 19. d5 Nd7 20. d6 Qe8 21. Qe4 c4 22.
Rh3 Rc8 23. Rg3 Nc5 24. Qxc4 Kh7 25. Rd1 Nd7 26. Qe4 Rc5 27. Rg5 Qa8 28. Qe3 Qc6
29. Ne2 Rc8 30. Rd4 Rb5 31. f3 Rb2 32. g4 hxg4 33. Rdxg4 Qc5 34. Qxc5 Rxc5 35.
f4 Rd5 36. Nd4 Ra5 37. Rg2 Rb1+ 38. Kd2 Rxa3 39. h5 Rb2+ 40. Kc1 Rxg2 41. hxg6+
Kg7 42. Rxg2 Rxc3+ 43. Kd2 Rc4 44. gxf7+ Kxf7 45. Nf3 Nc5 46. Rg4 b5 47. Ng5+
Ke8 48. Rh4 b4 49. Rh7 Rxf4 50. Rxa7 b3 51. Re7+ Kf8 52. Kc3 Kg8 53. Rc7 b2 54.
Kxb2 Nd3+ 55. Kc3 Nxe5 56. Nxe6 Rf1 57. Rg7+ Kh8 58. Re7 Rd1 59. Nd4 Rd3+ 60.
Kb4 Nc6+ 61. Nxc6 Rxd6 62. Ne5 Rd1 63. Kc4 Kg8 64. Nd3 Rf1 65. Kd5 Rf7 66. Re8+
Rf8 67. Re6 Rd8+ 68. Ke4 Kf7 69. Ra6 Kg7 70. Nf4 Rd1 71. Ra7+ Kf6 72. Ra6+ Kf7
73. Nd3 Kg7 74. Rd6 Rh1 75. Nf4 Re1+ 76. Kf5 Rf1 77. Rd7+ Kf8 78. Ra7 Re1 79.
Kf6 Ke8 80. Nd3 Rd1 81. Ne5 Rd6+ 82. Kf5 Rd1 83. Ra8+ Ke7 84. Nc6+ Kf7 85. Ra7+
Kf8 86. Ke6 Re1+ 87. Ne5 Kg8 88. Ra3 Rf1 89. Rg3+ Kh7 90. Nf3 Ra1 91. Nd4 Ra6+
92. Kf5 Ra1 93. Kf6 Rf1+ 94. Nf5 Kh8 95. Rg2 Rh1 96. Ra2 Rf1 97. Rg2 Rh1 98. Kf7
Rh7+ 99. Kf8 Rh5 100. Nd6 1-0

[Event "Moscow Open Young GM"]
[Site "Moscow RUS"]
[Date "2011.01.29"]
[Round "3"]
[White "Grachev, Boris"]
[Black "Alekseev, Evgeny"]
[Result "1/2-1/2"]
[WhiteTitle "GM"]
[BlackTitle "GM"]
[WhiteElo "2660"]
[BlackElo "2701"]
[WhiteFideId "4129199"]
[BlackFideId "4138147"]
[EventDate "2011.01.27"]

1. d4 Nf6 2. c4 e6 3. Nc3 Bb4 4. Qc2 O-O 5. a3 Bxc3+ 6. Qxc3 d5 7. Bg5 c5 8.
dxc5 d4 9. Qg3 Nc6 10. O-O-O b6 11. cxb6 e5 12. Nf3 Qd6 13. Bxf6 Qxf6 14. e3
dxe3 15. fxe3 axb6 16. Bd3 Bf5 17. Qg5 Bg6 18. Bxg6 hxg6 19. Qxf6 gxf6 20. Rd6
Na5 21. Nd2 Rfc8 22. Rxf6 Nxc4 23. Nxc4 Rxc4+ 24. Kb1 Re4 25. Rc1 Kg7 26. Rf3
Ra7 27. Rc6 Rb7 28. b3 b5 29. h3 Kh6 30. Kc2 Kg7 31. Kd3 Rh4 32. Rff6 Rh8 33.
Ke4 Ra8 34. Ra6 Rba7 35. Rxa7 Rxa7 36. Rb6 Rxa3 37. Rxb5 Ra2 38. g3 Rg2 39. Kf3
Rb2 40. Ke4 Rg2 41. Kf3 Rb2 42. g4 f5 43. g5 Rh2 44. Kg3 Rb2 45. Kf3 Rh2 46. Kg3
Rb2 47. h4 Kf7 48. Rb7+ Kg8 49. Rb6 Kg7 50. Rb7+ Kg8 51. h5 gxh5 52. g6 f4+ 53.
exf4 exf4+ 54. Kxf4 Rg2 55. Kf5 h4 56. Rb8+ Kg7 57. Rb7+ Kg8 58. Kf6 Rf2+ 59.
Ke5 h3 60. Rh7 Rf3 61. b4 Rb3 62. Rh4 h2 63. Rxh2 Rxb4 64. Kf6 1/2-1/2

[Event "Moscow Open Young GM"]
[Site "Moscow RUS"]
[Date "2011.01.29"]
[Round "3"]
[White "Inarkiev, Ernesto"]
[Black "Cheparinov, Ivan"]
[Result "1-0"]
[WhiteTitle "GM"]
[BlackTitle "GM"]
[WhiteElo "2672"]
[BlackElo "2665"]
[WhiteFideId "4162722"]
[BlackFideId "2905540"]
[EventDate "2011.01.27"]

1. e4 e5 2. Nf3 Nc6 3. Bb5 a6 4. Ba4 Nf6 5. O-O Be7 6. Re1 b5 7. Bb3 O-O 8. h3
Bb7 9. d3 d5 10. exd5 Nxd5 11. Nxe5 Nd4 12. Nd2 c5 13. Nef3 Nxb3 14. axb3 Nb4
15. Ne4 f5 16. Neg5 Bxg5 17. Nxg5 Qd5 18. Nf3 Qd6 19. Ne5 Qd5 20. Nf3 Qd6 21.
Ne5 f4 22. Bd2 Rae8 23. Bxb4 cxb4 24. Nf3 Rc8 25. Rc1 Qf6 26. d4 Rfd8 27. c3 Qg6
28. Nh4 Qg5 29. Qg4 Qxg4 30. hxg4 Rd7 31. c4 g6 32. d5 a5 33. Nf3 a4 34. Ne5 Rd6
35. bxa4 bxc4 36. Rxc4 Rxc4 37. Nxc4 Rxd5 38. Re8+ Kf7 39. Rb8 Bc6 40. Rxb4 Ke6
41. f3 Rd1+ 42. Kf2 Kd5 43. Na5 Rd2+ 44. Kg1 Bd7 45. b3 Rd1+ 46. Kh2 Rd4 47. Rb7
Ke6 48. Rb6+ Kd5 49. Nb7 Bc6 50. a5 1-0

[Event "Moscow Open Young GM"]
[Site "Moscow RUS"]
[Date "2011.01.29"]
[Round "3"]
[White "Safarli, Eltaj"]
[Black "Sjugirov, Sanan"]
[Result "1/2-1/2"]
[WhiteTitle "GM"]
[BlackTitle "GM"]
[WhiteElo "2629"]
[BlackElo "2626"]
[WhiteFideId "13402129"]
[BlackFideId "4189302"]
[EventDate "2011.01.27"]

1. e4 c5 2. Nf3 d6 3. d4 cxd4 4. Nxd4 Nf6 5. Nc3 a6 6. Be3 e5 7. Nf3 Qc7 8. a4
Be7 9. Be2 O-O 10. O-O b6 11. Qd3 Nc6 12. Nd5 Nxd5 13. exd5 Nb4 14. Qb3 a5 15.
c3 Ba6 16. Bxa6 Nxa6 17. Bxb6 Rfb8 18. Bxc7 Rxb3 19. Bxa5 Rxb2 20. Rfb1 Rxb1+
21. Rxb1 Nc5 22. Rb5 Nxa4 23. Bb4 Rc8 24. Rb7 Nxc3 25. Bxc3 Rxc3 26. h3 Bf8 27.
Ng5 Rd3 28. Nxf7 Rxd5 29. Ng5 h6 30. Ne6 e4 31. Rb8 Rf5 32. Rd8 Rf6 33. Nxf8
Rxf8 34. Rxd6 Re8 35. Kf1 e3 36. f3 Ra8 37. Rd1 Kf7 38. Re1 Ra3 39. g3 g5 40.
Ke2 Kg6 41. Rd1 Ra2+ 42. Kxe3 Rh2 43. Rd6+ Kg7 44. Ke4 Rxh3 45. g4 Rg3 1/2-1/2

[Event "Moscow Open Young GM"]
[Site "Moscow RUS"]
[Date "2011.01.29"]
[Round "3"]
[White "Chadaev, Nikolai"]
[Black "Hess, Robert L"]
[Result "1/2-1/2"]
[WhiteTitle "GM"]
[BlackTitle "GM"]
[WhiteElo "2568"]
[BlackElo "2572"]
[WhiteFideId "4167392"]
[BlackFideId "2022036"]
[EventDate "2011.01.27"]

1. d4 Nf6 2. c4 e6 3. Nf3 d5 4. Bg5 dxc4 5. Nc3 Bb4 6. Qa4+ Nc6 7. a3 Bxc3+ 8.
bxc3 Qd5 9. Bxf6 gxf6 10. Nd2 b5 11. Qc2 Na5 12. e4 Qc6 13. Be2 e5 14. O-O Bb7
15. a4 a6 16. Rab1 O-O 17. Qb2 exd4 18. cxd4 c3 19. Qb4 cxd2 20. Qxa5 Qc2 21.
Rbd1 Bxe4 22. Rxd2 Qxa4 23. Qxc7 Qb4 24. Qf4 Rad8 25. Rfd1 Rfe8 26. Qxf6 Qd6 27.
Qh4 Qg6 28. Bf1 Bf3 29. Ra1 Rd6 30. Qh3 Bg4 31. Qa3 Bf5 32. Rc1 Re4 33. Qc5 Re8
34. Qa3 h5 35. h3 Re4 36. Qc3 Qg5 37. Rcd1 Rh4 38. g3 Re4 39. Qc5 Qf6 40. Bg2
Re8 41. d5 Rc8 42. Qa3 Rc4 43. Rb2 Qe5 44. Rb4 Kg7 45. Rxc4 bxc4 46. Rc1 Bd3 47.
Qc5 Qf6 48. h4 Qe5 49. Rd1 Bc2 50. Rc1 1/2-1/2

[Event "Moscow Open Young GM"]
[Site "Moscow RUS"]
[Date "2011.01.30"]
[Round "4"]
[White "Kuzubov, Yuriy"]
[Black "Hess, Robert L"]
[Result "1/2-1/2"]
[WhiteTitle "GM"]
[BlackTitle "GM"]
[WhiteElo "2624"]
[BlackElo "2572"]
[WhiteFideId "14112906"]
[BlackFideId "2022036"]
[EventDate "2011.01.27"]

1. Nf3 Nf6 2. g3 b6 3. Bg2 Bb7 4. c4 e6 5. O-O Be7 6. d3 d5 7. Qa4+ Bc6 8. Qc2
dxc4 9. Qxc4 Bd5 10. Qa4+ Bc6 11. Qc2 O-O 12. Nc3 Bb7 13. d4 Nc6 14. Bg5 Nb4 15.
Qb3 Nbd5 16. Rfd1 Rc8 17. Ne5 Nxc3 18. bxc3 Bxg2 19. Kxg2 Qd5+ 20. f3 c5 21. e4
Qd6 22. Nc4 Qc6 23. Bxf6 Bxf6 24. d5 exd5 25. exd5 Qd7 26. a4 Rfe8 27. Ra2 h5
28. Qb5 Rcd8 29. Qxd7 Rxd7 30. Rc2 g6 31. Kf2 Rb8 32. d6 a6 33. a5 bxa5 34. Nxa5
Rb5 35. Nc4 a5 36. Ra1 Rb3 37. Rxa5 Bxc3 38. Ra8+ Kg7 39. Re8 Bd4+ 40. Ke2 Rb4
41. Re7 Rxc4 42. Rxc4 Rxd6 43. Ra4 Bf6 44. Rc7 Re6+ 45. Kd3 Bd4 46. Kc4 Bg1 47.
Ra2 Rf6 48. f4 h4 49. Kd5 hxg3 50. hxg3 Bd4 51. Ke4 Re6+ 52. Kf3 Rf6 53. Kg4 Bg1
54. Re2 Bd4 55. Ree7 Bb2 56. Re8 Bd4 57. Re2 Ra6 58. Kh3 Rf6 59. Kg2 Kh6 60.
Ree7 Kg7 61. Red7 Kf8 62. Rc8+ Kg7 63. Re8 Ra6 64. Ree7 Rf6 65. Rc7 Kf8 66. Rb7
Kg7 67. Kf3 g5 68. Ke4 gxf4 69. gxf4 Kf8 70. f5 Kg7 71. Rec7 Kf8 72. Rb3 Ra6 73.
Rc8+ Kg7 74. Rg3+ Kf6 75. Rh8 Ra1 76. Rh6+ Ke7 77. Rb3 Re1+ 78. Kf4 Rf1+ 79. Ke4
Re1+ 80. Kf4 Rf1+ 81. Rf3 Re1 82. Rb3 Rf1+ 83. Ke4 1/2-1/2

[Event "Moscow Open Young GM"]
[Site "Moscow RUS"]
[Date "2011.01.30"]
[Round "4"]
[White "Sjugirov, Sanan"]
[Black "Chadaev, Nikolai"]
[Result "1/2-1/2"]
[WhiteTitle "GM"]
[BlackTitle "GM"]
[WhiteElo "2626"]
[BlackElo "2568"]
[WhiteFideId "4189302"]
[BlackFideId "4167392"]
[EventDate "2011.01.27"]

1. e4 c5 2. Nf3 g6 3. d4 Bg7 4. dxc5 Qa5+ 5. c3 Qxc5 6. Na3 d6 7. Nb5 a6 8. Be3
Qc6 9. Na7 Qc7 10. Nxc8 Qxc8 11. h3 Nc6 12. Bd3 Nf6 13. O-O O-O 14. Qe2 Nd7 15.
Bc2 Qc7 16. a4 Rab8 17. Rfd1 b5 18. axb5 axb5 19. Nd4 Qb7 20. Nxc6 Qxc6 21. Ra7
Rb7 22. Rda1 Rxa7 23. Rxa7 Rb8 24. c4 bxc4 25. Ba4 Qxe4 26. Rxd7 c3 27. b4 1/2-1/2

[Event "Moscow Open Young GM"]
[Site "Moscow RUS"]
[Date "2011.01.30"]
[Round "4"]
[White "Alekseev, Evgeny"]
[Black "Inarkiev, Ernesto"]
[Result "1/2-1/2"]
[WhiteTitle "GM"]
[BlackTitle "GM"]
[WhiteElo "2701"]
[BlackElo "2672"]
[WhiteFideId "4138147"]
[BlackFideId "4162722"]
[EventDate "2011.01.27"]

1. e4 e5 2. Nf3 Nc6 3. Bb5 a6 4. Ba4 Nf6 5. O-O Be7 6. Re1 b5 7. Bb3 d6 8. c3
O-O 9. h3 Re8 10. d4 Bb7 11. Nbd2 Bf8 12. a3 h6 13. Bc2 Nb8 14. a4 Nbd7 15. Bd3
c6 16. Qc2 Qc7 17. b3 g6 18. Bb2 Rac8 19. axb5 axb5 20. b4 Nb6 21. Rad1 Nfd7 22.
Nb3 c5 23. dxc5 dxc5 24. Bxb5 cxb4 25. Rc1 bxc3 1/2-1/2

[Event "Moscow Open Young GM"]
[Site "Moscow RUS"]
[Date "2011.01.30"]
[Round "4"]
[White "Krylov, Mikhail"]
[Black "Grachev, Boris"]
[Result "0-1"]
[WhiteTitle "IM"]
[BlackTitle "GM"]
[WhiteElo "2499"]
[BlackElo "2660"]
[WhiteFideId "4151364"]
[BlackFideId "4129199"]
[EventDate "2011.01.27"]

1. d4 d5 2. c4 e6 3. Nf3 Nf6 4. g3 Bb4+ 5. Bd2 Be7 6. Bg2 c6 7. Qc2 O-O 8. O-O
b6 9. Rd1 Nbd7 10. b3 Bb7 11. Nc3 Rc8 12. Bf4 c5 13. Nb5 cxd4 14. Nd6 Bxd6 15.
Bxd6 Re8 16. Nxd4 Nc5 17. Bxc5 bxc5 18. Nf3 Qb6 19. e3 dxc4 20. bxc4 Be4 21. Qb3
Qc7 22. Nd2 Bxg2 23. Kxg2 Red8 24. Nf3 h6 25. Rxd8+ Rxd8 26. Rb1 Ne4 27. Qb7
Qxb7 28. Rxb7 a5 29. Ne5 Rd2 30. Rxf7 Rxa2 31. Ra7 Rxf2+ 32. Kg1 Ra2 33. Ra6 a4
34. Rxe6 a3 35. Ra6 Nc3 36. Ra8+ Kh7 37. Nd7 Ra1+ 38. Kg2 a2 39. Nxc5 Re1 40.
Ne4 Nxe4 41. Rxa2 Rxe3 42. Rc2 Nc5 0-1

[Event "Moscow Open Young GM"]
[Site "Moscow RUS"]
[Date "2011.01.30"]
[Round "4"]
[White "Zhigalko, Sergei"]
[Black "Rakhmanov, Aleksandr"]
[Result "1-0"]
[WhiteTitle "GM"]
[BlackTitle "GM"]
[WhiteElo "2671"]
[BlackElo "2590"]
[WhiteFideId "13502956"]
[BlackFideId "4173708"]
[EventDate "2011.01.27"]

1. e4 e6 2. d4 d5 3. Nc3 Nf6 4. e5 Nfd7 5. f4 c5 6. Nf3 Nc6 7. Be3 a6 8. Qd2 b5
9. a3 Bb7 10. Bd3 Be7 11. O-O Qc7 12. dxc5 Nxc5 13. b4 Nd7 14. Ne2 Nb6 15. Ned4
Nc4 16. Qe1 Nxe3 17. Qxe3 g6 18. c3 O-O 19. g4 Nxd4 20. Nxd4 Qb6 21. f5 exf5 22.
gxf5 gxf5 23. Kh1 Kh8 24. Rxf5 f6 25. e6 Rg8 26. Rh5 1-0

[Event "Moscow Open Young GM"]
[Site "Moscow RUS"]
[Date "2011.01.31"]
[Round "5"]
[White "Rakhmanov, Aleksandr"]
[Black "Kuzubov, Yuriy"]
[Result "1/2-1/2"]
[WhiteTitle "GM"]
[BlackTitle "GM"]
[WhiteElo "2590"]
[BlackElo "2624"]
[WhiteFideId "4173708"]
[BlackFideId "14112906"]
[EventDate "2011.01.27"]

1. d4 Nf6 2. Nf3 g6 3. Nbd2 Bg7 4. e4 d6 5. Bd3 O-O 6. O-O Nc6 7. Re1 e5 8. dxe5
Nxe5 9. Nxe5 dxe5 10. Nc4 Nd7 11. Be3 Qe7 12. Qd2 b6 13. Rad1 Bb7 14. f3 Rfd8
15. Bf1 Nc5 16. Qb4 Bf8 17. Qc3 f6 1/2-1/2